| 000 | 00700nam a2200229Ia 4500 | ||
|---|---|---|---|
| 005 | 20250425162436.0 | ||
| 008 | 250425s9999 xx 000 0 und d | ||
| 020 | _a0130224723 | ||
| 041 | _aeng | ||
| 082 |
_a621.382 _pHAY |
||
| 100 | _aHaykin, Simon | ||
| 245 | 0 |
_aModern Wireless Communications _cSimon Haykin, Michael Moher |
|
| 260 |
_aEstados Unidos _bPearson _c2005 |
||
| 300 |
_a560 p. _bIlustrado _c24 cm |
||
| 500 | _aIncluye tabla de contenido, bibliografía, índice | ||
| 650 | _aArquitecturas inalámbricas | ||
| 650 | _aComunicaciones inalámbricas | ||
| 650 | _aSistemas de comunicación de banda ancha | ||
| 902 |
_aMonográfico _cImpreso |
||
| 942 | _c01 | ||
| 010 | _a74283 | ||
| 999 |
_c229313 _d229313 |
||